01261nam a2200361Ic 450000100060000000300100000600500170001600700030003300800410003602000180007704000350009504100080013008200200013810000210015824501540017924600660033325000220039926400400042130000430046133600270050433700330053133800280056449000220059250000340061452100410064853400270068954500550071665000260077165000180079765000260081570000230084170000350086459933CO-BoRNBP20251112152919.0ta180109s2014 sp a gr 000 0 spa d a9788415317951 aCO-BoRNBPbspaerdacCO-BoRNBP aspa04a746.4bB12h222 aBadger, Roseaut10aHilo, labor, ganchillo :b20 proyectos bonitos y originales /cRos Badger ; fotografías de Keiko Oikawa ; traducción de Maite Rodríguez Fisher.0 aHilo, labor, ganchillobveinte proyectos bonitos y originales aPrimera edición 1aBarcelona, España :bBlume,c2014 a128 páginas :bilustraciones a color atextobtxt2rdacontent asin mediaciónbn2rdamedia avolumenbnc2rdacarrier0 aLabores sencillas aIncluye índice alfabético aRecomendado para un público adulto tHook, Yarn and Crochet aIncluye datos biográficos del autor en la solapa07aArte Decorativo2lemb07aCostura2lemb07aTejido A Mano2armarc aOikawa, Keikoepht aRodríguez Fisher, Maiteetrl